Balance de la acción del estado Colombiano frente a la desaparición forzada de personas / (Registro nro. 4021)
[ vista simple ]
| 000 -LEADER | |
|---|---|
| fixed length control field | 01582nam a2200301Ia 4500 |
| 003 - CONTROL NUMBER IDENTIFIER | |
| control field | OSt |
| 005 - DATE AND TIME OF LATEST TRANSACTION | |
| control field | 20200909213800.0 |
| 008 - FIXED-LENGTH DATA ELEMENTS--GENERAL INFORMATION | |
| fixed length control field | 191128s2014 ck ao fr 000 0 spa d |
| 020 ## - INTERNATIONAL STANDARD BOOK NUMBER | |
| International Standard Book Number | 9789585816763 |
| Qualifying information | v.4 |
| 040 ## - CATALOGING SOURCE | |
| Original cataloging agency | CO-JMCR |
| Transcribing agency | CO-JMCR |
| 041 0# - LANGUAGE CODE | |
| Language code of text/sound track or separate title | spa |
| 082 04 - DEWEY DECIMAL CLASSIFICATION NUMBER | |
| Classification number | 364.15 / |
| Item number | C397b |
| Edition number | 23 |
| 110 2# - MAIN ENTRY--CORPORATE NAME | |
| Corporate name or jurisdiction name as entry element | Centro Nacional de Memoria Histórica |
| 9 (RLIN) | 10077 |
| 245 10 - TITLE STATEMENT | |
| Title | Balance de la acción del estado Colombiano frente a la desaparición forzada de personas / |
| Statement of responsibility, etc. | Centro Nacional de Memoria Histórica |
| 250 ## - EDITION STATEMENT | |
| Edition statement | Primera edición |
| 260 ## - PUBLICATION, DISTRIBUTION, ETC. | |
| Place of publication, distribution, etc. | Bogotá : |
| Name of publisher, distributor, etc. | Centro de Memoria Histórica, |
| Date of publication, distribution, etc. | 2014 |
| 300 ## - PHYSICAL DESCRIPTION | |
| Extent | 217 páginas : |
| Other physical details | fotografías a blanco y negro ; |
| Dimensions | 23 cm. |
| 500 ## - GENERAL NOTE | |
| General note | Informe del centro nacional de memoria histórica"--tapa |
| 504 ## - BIBLIOGRAPHY, ETC. NOTE | |
| Bibliography, etc. note | Bibliografía: páginas 191-209 |
| 505 0# - FORMATTED CONTENTS NOTE | |
| Formatted contents note | Los derechos de las víctimas y las obligaciones del Estado -- Balance de la acción del Estado frente al derecho a no ser víctima de desaparición forzada -- Balance de la acción del Estado frente al derecho a la búsqueda de los desaparecidos forzadamente |
| 520 3# - SUMMARY, ETC. | |
| Summary, etc. | ¿Ha sido eficaz el Estado colombiano para combatir, prevenir y sancionar a los responsables de un crimen contra la humanidad como la desaparición forzada de personas?. |
| 650 14 - SUBJECT ADDED ENTRY--TOPICAL TERM | |
| Topical term or geographic name entry element | Personas desaparecidas |
| Geographic subdivision | Colombia |
| 9 (RLIN) | 10078 |
| 650 14 - SUBJECT ADDED ENTRY--TOPICAL TERM | |
| Topical term or geographic name entry element | Personas desaparecidas |
| General subdivision | responsabilidad del Estado |
| Geographic subdivision | Colombia |
| 9 (RLIN) | 10087 |
| 650 14 - SUBJECT ADDED ENTRY--TOPICAL TERM | |
| Topical term or geographic name entry element | Delitos contra la persona |
| Geographic subdivision | Colombia |
| 9 (RLIN) | 10088 |
| 650 14 - SUBJECT ADDED ENTRY--TOPICAL TERM | |
| Topical term or geographic name entry element | Conflicto armado |
| Geographic subdivision | Colombia |
| 9 (RLIN) | 8340 |
| 650 14 - SUBJECT ADDED ENTRY--TOPICAL TERM | |
| Topical term or geographic name entry element | Acción del Estado |
| General subdivision | (Derechos civiles) |
| 9 (RLIN) | 10089 |
| 942 ## - ADDED ENTRY ELEMENTS (KOHA) | |
| Source of classification or shelving scheme | Dewey Decimal Classification |
| Koha item type | Books |
| Withdrawn status | Lost status | Source of classification or shelving scheme | Damaged status | Not for loan | Collection code | Home library | Current library | Date acquired | Source of acquisition | Total Checkouts | Full call number | Barcode | Date last seen | Date last checked out | Copy number | Koha item type |
|---|---|---|---|---|---|---|---|---|---|---|---|---|---|---|---|---|
| Dewey Decimal Classification | Non-fiction | Biblioteca Pública José María del Castillo y Rada | Biblioteca Pública José María del Castillo y Rada | 04/12/2018 | Donación | 1 | 364.15 / C397b | 201808815 | 09/19/2024 | 09/18/2024 | V.4 / Ej.1 | Books |